000 00450cam a2200145 4500500
005 20260405000335.0
041 _afre
042 _adc
100 1 0 _aCourtine-Denamy, Sylvie
_eauthor
245 0 0 _aHannah Arendt
260 _c2006.
500 _a66
786 0 _nPhilosophie magazine | 5 | 12 | 2006-12-01 | p. 24-24 | 1951-1787
856 4 1 _uhttps://shs.cairn.info/magazine-philosophie-magazine-2006-12-page-24?lang=fr&redirect-ssocas=7080
999 _c2036113
_d2036113